El Complot de Garraf / Joan Crexell ; pròleg d'Emili Granier-Barrera
Descripción Física:
253 p., [21] p. de làm. ; 19 cm
Colección:
Biblioteca Serra d'Or ; 79
Otros Autores:
Granier-Barrera, Emili
Materias:
Espanya -- Història -- S. XX
MARC
| LEADER | 00000nam a2200000Ia 4500 | ||
|---|---|---|---|
| 001 | 8740 | ||
| 008 | 160829s1988 xx 000 0 cat d | ||
| 080 | |a H-1-216 | ||
| 100 | |a Crexell, Joan |9 27921 | ||
| 245 | |a El Complot de Garraf / Joan Crexell ; pròleg d'Emili Granier-Barrera | ||
| 260 | |a Barcelona : |b Publicacions de l'Abadia de Montserrat, |c 1988 | ||
| 300 | |a 253 p., [21] p. de làm. ; |c 19 cm | ||
| 490 | |a Biblioteca Serra d'Or ; 79 | ||
| 650 | 0 | |a Espanya |x Història |y S. XX |9 27922 | |
| 700 | 1 | |a Granier-Barrera, Emili |9 27923 | |
| 901 | |a Arxiu | ||
| 942 | |n 1 | ||
| 952 | |0 0 |1 0 |4 0 |6 H1216 |7 1 |9 44603 |a Arxiu |b Arxiu |d 2016-12-01 |l 0 |o H-1-216 |p 8740 |r 2016-12-01 00:00:00 |w 2016-12-01 |y ARXIU | ||
| 999 | |c 47184 |d 47184 | ||